[Event "Paris-ch op"]
[Site "Paris"]
[Date "2002.07.08"]
[Round "3"]
[White "L'Huillier, Thibaud"]
[Black "Glod, Philippe"]
[Result "1-0"]
[WhiteElo "2021"]
[BlackElo "2172"]
[PlyCount "67"]
[EventDate "2002.07.06"]
[EventType "swiss"]
[EventRounds "9"]
[EventCountry "FRA"]
[SourceTitle "CBM 089 Extra"]
[Source "ChessBase"]
[SourceDate "2002.09.10"]
[SourceVersion "2"]
[SourceVersionDate "2002.09.10"]
[SourceQuality "1"]

1. d4 Nf6 2. c4 g6 3. Nc3 d5 4. cxd5 Nxd5 5. e4 Nxc3 6. bxc3 Bg7 7. Nf3 c5 8. Be3 Qa5 9. Qd2 Nc6 10. Rc1 cxd4 11. cxd4 Qxd2+ 12. Kxd2 0-0 13. d5 Rd8 14. Ke1 Na5 15. Bg5 Bd7 16. Bd3 Rdc8 17. Ke2 Kf8 18. Bd2 b6 19. Ba6 Rxc1 20. Rxc1 Ke8 21. h3 h6 22. g4 Kd8 23. Bb4 e6 24. dxe6 fxe6 25. g5 hxg5 26. Nxg5 Ke8 27. Bd6 Bf6 28. f4 e5 29. Rf1 exf4 30. Rxf4 Be7 31. e5 Bxd6 32. exd6 Bc6 33. Rf7 Rb8 34. Re7+ 1-0

[Event "FRA-ch U14"]
[Site "Hyeres"]
[Date "2002.??.??"]
[Round "8.6"]
[White "Hirth, Julien"]
[Black "L'Huillier, Thibaud"]
[Result "0-1"]
[WhiteElo "1940"]
[BlackElo "2026"]
[PlyCount "96"]
[EventDate "2002.04.05"]
[EventType "swiss"]
[EventRounds "9"]
[EventCountry "FRA"]
[SourceTitle "EXT 2003"]
[Source "ChessBase"]
[SourceDate "2002.11.25"]
[SourceVersion "1"]
[SourceVersionDate "2002.11.25"]
[SourceQuality "1"]

1. d4 d5 2. c4 c6 3. Nf3 e6 4. e3 Nf6 5. Nc3 Nbd7 6. Bd3 dxc4 7. Bxc4 b5 8. Bd3 a6 9. e4 b4 10. Na4 c5 11. 0-0 cxd4 12. Nxd4 Bb7 13. Re1 Ne5 14. Bc2 Be7 15. Bg5 Nc6 16. Nxc6 Bxc6 17. Qxd8+ Rxd8 18. f3 Nd7 19. Bxe7 Kxe7 20. Red1 Rc8 21. Rac1 Bb5 22. Bb3 Rhd8 23. Rc2 Rxc2 24. Bxc2 Rc8 25. Bb3 Bxa4 26. Bxa4 Nb6 27. Bb3 a5 28. Rd4 e5 29. Rd2 a4 30. Bd5 Rd8 31. Kf2 Nxd5 32. exd5 Rc8 33. Ke3 Kd6 34. Ke4 Rc4+ 35. Ke3 f5 36. g3 Rc5 37. g4 f4+ 38. Ke4 g6 39. b3 Rc3 40. Rd3 axb3 41. axb3 Rxd3 42. Kxd3 Kxd5 43. g5 Kc5 44. Ke4 Kd6 45. h3 Ke6 46. Kd3 Kd5 47. h4 Kc5 48. Ke4 Kd6 0-1

[Event "FRA-ch U14"]
[Site "Hyeres"]
[Date "2002.??.??"]
[Round "5.3"]
[White "L'Huillier, Thibaud"]
[Black "Dourerassou, Jonathan"]
[Result "0-1"]
[WhiteElo "2026"]
[BlackElo "2096"]
[PlyCount "114"]
[EventDate "2002.04.05"]
[EventType "swiss"]
[EventRounds "9"]
[EventCountry "FRA"]
[SourceTitle "EXT 2003"]
[Source "ChessBase"]
[SourceDate "2002.11.25"]
[SourceVersion "1"]
[SourceVersionDate "2002.11.25"]
[SourceQuality "1"]

1. d4 Nf6 2. c4 g6 3. Nc3 d5 4. cxd5 Nxd5 5. e4 Nxc3 6. bxc3 Bg7 7. Nf3 0-0 8. Be2 c5 9. 0-0 Nc6 10. Be3 Qc7 11. Rc1 Rd8 12. h3 e6 13. Rc2 b6 14. Qc1 Bb7 15. Rd1 Na5 16. Bf4 Qe7 17. e5 Qc7 18. Bg5 Rdc8 19. Bf6 cxd4 20. Nxd4 Bxf6 21. exf6 Qe5 22. Nb5 Qxf6 23. Nd6 Rd8 24. Nxb7 Nxb7 25. Bf3 Rxd1+ 26. Qxd1 Rd8 27. Rd2 Rxd2 28. Qxd2 Nc5 29. Qd4 Kg7 30. Be2 e5 31. Qd5 Qg5 32. Qc4 Ne6 33. Bf3 Qc1+ 34. Kh2 Qf4+ 35. Qxf4 Nxf4 36. Kg1 e4 37. Bd1 Kf6 38. g3 Nxh3+ 39. Kf1 Ke5 40. Ke2 h6 41. Bb3 Ng5 42. Ke3 f5 43. a3 Ne6 44. Bc2 g5 45. f3 f4+ 46. Kf2 e3+ 47. Ke2 Ng7 48. g4 h5 49. gxh5 Nxh5 50. a4 Nf6 51. Bd1 g4 52. fxg4 Nxg4 53. Kf3 Nf6 54. Bc2 Nd7 55. Ke2 Nc5 56. Kf3 a6 57. c4 Ne6 0-1